| Tag |
First Indicator |
Second Indicator |
Subfields |
| LEADER |
00000cam a2200000 4500 |
| 001 |
in00000063477 |
| 005 |
20151007083115.0 |
| 008 |
750814s1954 nyu b 01010 eng |
| 010 |
|
|
|a 54007534
|
| 035 |
|
|
|a (OCoLC)01547707
|
| 035 |
|
|
|9 AAF8870AM
|
| 040 |
|
|
|a DLC
|c TOL
|d OCL
|d TXA
|d UtOrBLW
|
| 049 |
|
|
|a TXAM
|c 1 [235798]
|c 2 [236671]
|
| 050 |
0 |
0 |
|a HM51
|b .B44
|
| 082 |
0 |
|
|a 304
|
| 090 |
|
|
|a HM51
|b .B445 1954
|
| 092 |
|
|
|a 304
|b B496f
|
| 100 |
1 |
|
|a Berger, Morroe.
|
| 245 |
1 |
0 |
|a Freedom and control in modern society /
|c [edited by] Morroe Berger, Theodore Abel [and] Charles H. Page.
|
| 264 |
|
1 |
|a New York :
|b Van Nostrand,
|c [1954]
|
| 300 |
|
|
|a xii, 326 pages ;
|c 24 cm.
|
| 336 |
|
|
|a text
|b txt
|2 rdacontent
|
| 337 |
|
|
|a unmediated
|b n
|2 rdamedia
|
| 338 |
|
|
|a volume
|b nc
|2 rdacarrier
|
| 490 |
1 |
|
|a The Van Nostrand series in sociology
|
| 500 |
|
|
|a "This volume is written in honor of Robert Morrison MacIver."
|
| 504 |
|
|
|a Bibliographical footnotes.
|
| 505 |
0 |
|
|a The internalization of social controls, by G. Murphy.--Friendship as social process: a substantive and methodological analysis, by P. F. Lazarsfeld and R. K. Merton.--The problem of authority, by R. Bierstedt.--The political process in trade unions: a theoretical statement, by S. M. Lipset.--Social groups in the modern world, by F. Znaniecki.--Social structure and goals in group relations, by M. M. Gordon.--Ethnic groups in America: from national culture to ideology, by N. Glazer.--Individual liberty today: challenge and prospect, by T. I. Cook.--America's changing capitalism: the interplay of politics and economics, by J. M. Clark.--The demographic foundations of national power, by K. Davis.--Social change in Soviet Russia, by A. Inkeles.--The utility of political science, by G. Catlin.--Robert M. MacIver's contributions to sociological theory, by H. Alpert.--Robert M. MacIver's contributions to political theory, by D. Spitz.
|
| 600 |
1 |
0 |
|a MacIver, Robert M.
|q (Robert Morrison),
|d 1882-1970.
|
| 650 |
|
0 |
|a Sociology.
|
| 650 |
|
0 |
|a Liberty.
|
| 830 |
|
0 |
|a Van Nostrand series in sociology.
|
| 999 |
|
|
|a MARS
|
| 999 |
f |
f |
|s a4bc7329-5cec-3f20-8b13-8e042317521d
|i 249d04f8-5883-3b11-b20f-84fc911d08af
|t 0
|
| 952 |
f |
f |
|p ric
|a Texas A&M University
|b Rellis Campus
|c Joint Library Facility
|d Remote Storage
|t 0
|e HM51 .B445 1954
|h Library of Congress classification
|i unmediated -- volume
|m A14800644738
|
| 998 |
f |
f |
|a HM51 .B445 1954
|t 0
|l Remote Storage
|